[Event "2. Arberseniorencup 2014"]
[Site "Bayerisch Eisenstein"]
[Date "2014.08.23"]
[Round "8.10"]
[White "Kiefer, Herbert"]
[Black "Tveten, Per"]
[Result "1-0"]
[WhiteElo "1872"]
[BlackElo "1578"]
[PlyCount "109"]
[EventDate "2014.08.16"]
[WhiteTeam "SC Ansbach 1855 e.V."]

1. Nc3 e5 2. e4 Nc6 3. Nf3 Nf6 4. Bb5 d6 5. d4 exd4 6. Nxd4 Bd7 7. Nxc6 bxc6 8.
Bd3 h6 9. O-O g6 10. f4 Bg7 11. h3 O-O 12. Bd2 Ne8 13. Qf3 f5 14. exf5 Bd4+ 15.
Kh2 Bxf5 16. Qxc6 Bg7 17. Rae1 Bxd3 18. cxd3 Nf6 19. Re6 Kh7 20. Rfe1 Re8 21.
Rxe8 Nxe8 22. b3 Nf6 23. Nb5 Rb8 24. Qxc7 a6 25. Qxd8 Rxd8 26. Nc7 Rc8 27. Rc1
a5 28. Ne6 Rxc1 29. Bxc1 Bh8 30. Bd2 Nd5 31. Bxa5 Bc3 32. Bxc3 Nxc3 33. a4 Kg8
34. g4 Kf7 35. f5 Nd5 36. a5 gxf5 37. gxf5 Kf6 38. Nd4 Ke5 39. Nb5 Nb4 40. d4+
Kxf5 41. Nxd6+ Ke6 42. Nb5 Kd5 43. Kg3 Ke4 44. Kg4 Kd3 45. Kh5 Kc2 46. d5 Nxd5
47. a6 Kxb3 48. a7 Nb6 49. Nc7 Kb4 50. a8=Q Nxa8 51. Nxa8 Kc5 52. Kxh6 Kc6 53.
h4 Kb7 54. h5 Kxa8 55. Kg7 1-0

[Event "2. Arberseniorencup 2014"]
[Site "Bayerisch Eisenstein"]
[Date "2014.08.23"]
[Round "8.11"]
[White "Reichert, Rudolf"]
[Black "Klimpel, Siegfried"]
[Result "0-1"]
[WhiteElo "1845"]
[BlackElo "1868"]
[PlyCount "68"]
[EventDate "2014.08.16"]
[BlackTeam "TSV Kareth-Lappersdorf"]

1. e4 e5 2. Nf3 Nc6 3. Bc4 Bc5 4. d3 Na5 5. Nxe5 Nxc4 6. Nxc4 d6 7. Be3 Bxe3 8.
Nxe3 Nf6 9. h3 c6 10. Nc3 Be6 11. f4 Qb6 12. Qc1 O-O 13. f5 Bd7 14. Nc4 Qc7 15.
Qf4 Ne8 16. O-O-O b5 17. Nd2 a5 18. Rde1 a4 19. h4 b4 20. Ncb1 Qb6 21. Nc4 Qd4
22. Qe3 Qf6 23. g4 a3 24. g5 axb2+ 25. Kd1 Qd8 26. h5 f6 27. h6 fxg5 28. hxg7
Rf7 29. Rh6 Rxg7 30. Qd4 Rb8 31. Nxb2 Bc8 32. Nc4 g4 33. Nbd2 Qg5 34. Reh1 Rgb7
{Aufgabe Weiß} 0-1

[Event "2. Arberseniorencup 2014"]
[Site "Bayerisch Eisenstein"]
[Date "2014.08.23"]
[Round "8.12"]
[White "Kühnl, Bernd"]
[Black "Glatz, Volker"]
[Result "1-0"]
[WhiteElo "1821"]
[BlackElo "1196"]
[PlyCount "99"]
[EventDate "2014.08.16"]
[WhiteTeam "VfL 1990 Gera"]
[BlackTeam "SC Bw Regen/Zwiesel e.V."]

1. d4 Nf6 2. c4 e6 3. Nc3 Bb4 4. Bd2 c5 5. dxc5 Bxc5 6. a3 d5 7. cxd5 Nxd5 8.
Nf3 Nc6 9. e3 a6 10. g3 O-O 11. Bg2 Nf6 12. O-O Re8 13. Qc2 Qc7 14. Rac1 Bd7
15. Ne4 Nxe4 16. Qxe4 Be7 17. Bc3 f6 18. Rfd1 Rad8 19. Qc4 Rc8 20. Bh3 Bf8 21.
Nd4 b5 22. Qa2 Nxd4 23. Rxd4 Qb7 24. Rcd1 Re7 25. Rxd7 Rxd7 26. Bxe6+ Rf7 27.
Bxf7+ Qxf7 28. Qxf7+ Kxf7 29. Rd7+ Ke6 30. Ra7 Rc6 31. e4 h6 32. Kg2 g5 33. g4
Be7 34. Ra8 Kf7 35. Kf3 Kg6 36. Ra7 Kf7 37. Bb4 Re6 38. Bxe7 Rxe7 39. Rxa6 Re5
40. Rb6 Rc5 41. Ke3 Kg6 42. Kd4 Re5 43. f3 Kf7 44. b3 Ke7 45. h3 Kf7 46. Rc6
Ke7 47. Rc5 Kd6 48. Rd5+ Ke6 49. Rxe5+ fxe5+ 50. Kc5 1-0

[Event "2. Arberseniorencup 2014"]
[Site "Bayerisch Eisenstein"]
[Date "2014.08.24"]
[Round "9.1"]
[White "Selig, Rainer"]
[Black "Winiwarter, Felix"]
[Result "0-1"]
[WhiteElo "2070"]
[BlackElo "2149"]
[PlyCount "102"]
[EventDate "2014.08.16"]
[WhiteTeam "Spielver. Ebersbach/SA."]
[BlackTeam "Sgm Voest Krems"]

1. d4 Nf6 2. Nf3 c5 3. c3 e6 4. e3 d5 5. Bd3 Nc6 6. Nbd2 Be7 7. O-O O-O 8. dxc5
Bxc5 9. e4 Qc7 10. exd5 exd5 11. Nb3 Bd6 12. h3 Re8 13. Be3 Bd7 14. Qc2 Ne4 15.
Rad1 Rad8 16. Nbd4 Qc8 17. Rfe1 Bxh3 18. gxh3 Nxd4 19. Bxd4 Qxh3 20. Bxe4 Qg4+
21. Kf1 dxe4 22. Ng1 Re6 23. f3 exf3 24. Rxe6 fxe6 25. Qf2 Bg3 26. Qe3 e5 27.
Nxf3 exd4 28. Rxd4 Qh3+ 29. Ke2 Rf8 30. Nd2 Qh5+ 31. Kd3 Qf5+ 32. Qe4 h5 33.
Rd5 Qf7 34. c4 Re8 35. Qf5 g6 36. Qxf7+ Kxf7 37. Ne4 Bf4 38. c5 Ke6 39. Kc4 Re7
40. b4 h4 41. Nf2 Rd7 42. Rxd7 Kxd7 43. Kd5 g5 44. b5 Bg3 45. Ne4 Bf4 46. Nf2
Kc7 47. a4 Bg3 48. Nh1 Be1 49. Ke4 g4 50. Kf4 g3 51. Kf3 Bc3 0-1

[Event "2. Arberseniorencup 2014"]
[Site "Bayerisch Eisenstein"]
[Date "2014.08.24"]
[Round "9.2"]
[White "Wünsch, Ulrich"]
[Black "Zilch, Lothar"]
[Result "1-0"]
[WhiteElo "2079"]
[BlackElo "1931"]
[PlyCount "108"]
[EventDate "2014.08.16"]
[WhiteTeam "USG Chemnitz"]
[BlackTeam "SV Alsfeld"]

1. d4 Nf6 2. Nf3 d5 3. e3 g6 4. c4 Bg7 5. Nc3 c6 6. Bd3 O-O 7. O-O dxc4 8. Bxc4
Nbd7 9. e4 Nb6 10. Bb3 e6 11. h3 Re8 12. Be3 Nfd7 13. a4 a5 14. Qd2 Qe7 15.
Rac1 Qb4 16. Qc2 Qe7 17. Rfd1 Kh8 18. Re1 Qf8 19. d5 cxd5 20. exd5 Nc5 21. dxe6
Bxe6 22. Bxe6 Rxe6 23. Nd4 Rd6 24. Ncb5 Rd5 25. Nc7 Rxd4 26. Qxc5 Qxc5 27. Rxc5
Rc8 28. Bxd4 Bxd4 29. Rc2 Nxa4 30. Re4 Bb6 31. Rxa4 Rxc7 32. Rxc7 Bxc7 33. Re4
Bd6 34. Rd4 Bc5 35. Rd7 b6 36. Rxf7 Kg8 37. Rb7 a4 38. Ra7 Bd4 39. Rxa4 Bxb2
40. Rb4 Be5 41. Rxb6 Bg7 42. Kf1 h6 43. Ke2 g5 44. Kf3 Kh7 45. Ke4 Bc3 46. Kf5
Bd4 47. Rb7+ Kg8 48. f3 Be3 49. Kg6 Bf4 50. g4 Kf8 51. Kxh6 Ke8 52. Kg6 Kd8 53.
Rf7 Bc1 54. Rf5 Bd2 1-0

[Event "2. Arberseniorencup 2014"]
[Site "Bayerisch Eisenstein"]
[Date "2014.08.24"]
[Round "9.3"]
[White "Gervinskas-Wagner, Vidmant"]
[Black "Block, Wolfgang"]
[Result "0-1"]
[WhiteElo "1896"]
[BlackElo "2074"]
[PlyCount "94"]
[EventDate "2014.08.16"]
[WhiteTeam "SK Freising"]
[BlackTeam "DJK Aufwärts St. Josef Aachen 19"]

1. d4 Nf6 2. c4 g6 3. Nc3 Bg7 4. e4 d6 5. Nf3 O-O 6. h3 c6 7. Bd3 Nbd7 8. O-O
e5 9. dxe5 dxe5 10. Be3 Qc7 11. Qc2 Re8 12. Rab1 Nf8 13. Rfd1 Ne6 14. Qc1 Nh5
15. Ne2 Bf8 16. Qc3 Bg7 17. Qc2 b6 18. b4 Bb7 19. c5 b5 20. a4 a6 21. Qb3 Rad8
22. Bc2 Bc8 23. axb5 axb5 24. Qa2 Bf6 25. Bb3 Nhf4 26. Rxd8 Rxd8 27. Bxf4 exf4
28. Rd1 Rxd1+ 29. Bxd1 Ng5 30. Nxg5 Bxg5 31. Qd2 Qe5 32. Qd4 Bf6 33. Qxe5 Bxe5
34. Bb3 f3 35. gxf3 Bxh3 36. f4 Bb2 37. f3 Bd7 38. e5 Kf8 39. Kf2 Ke7 40. Ng3
h5 41. Ne4 Ba3 42. Ke3 Bxb4 43. Kd4 h4 44. Nf2 Be1 45. Ng4 h3 46. Ke3 Bxg4 47.
fxg4 h2 0-1

[Event "2. Arberseniorencup 2014"]
[Site "Bayerisch Eisenstein"]
[Date "2014.08.24"]
[Round "9.4"]
[White "Kanewski, Josef"]
[Black "Tomanek, Rafael"]
[Result "1-0"]
[WhiteElo "2084"]
[BlackElo "1946"]
[PlyCount "81"]
[EventDate "2014.08.16"]
[WhiteTeam "SK Weiden 1907"]
[BlackTeam "SK Doprastav Bratislava"]

1. d4 d5 2. c4 e6 3. Nc3 Nf6 4. cxd5 exd5 5. Bg5 Be7 6. e3 c6 7. Bd3 Nbd7 8.
Nf3 O-O 9. Qc2 Re8 10. O-O Nf8 11. Bxf6 Bxf6 12. b4 Bg4 13. Nd2 Rc8 14. Rfc1 a6
15. Na4 Be7 16. Rab1 Bd6 17. Nf1 Rc7 18. Nc5 g6 19. a4 Bc8 20. Qb2 Ne6 21. Rc2
Nxc5 22. bxc5 Bf8 23. Qc3 h5 24. Rcb2 Bh6 25. Nd2 Ree7 26. Nf3 Bg7 27. Ne5 Bxe5
28. dxe5 Qe8 29. f4 Bf5 30. Bxf5 gxf5 31. Rb3 Qc8 32. Qe1 Qe6 33. Qh4 Qh6 34.
Rf1 Rcd7 35. Rf3 Re6 36. Qh3 Qh7 37. Rg3+ Kf8 38. Rg5 f6 39. Rxh5 Qg6 40. Qxf5
Qxf5 41. Rxf5 1-0

[Event "2. Arberseniorencup 2014"]
[Site "Bayerisch Eisenstein"]
[Date "2014.08.24"]
[Round "9.5"]
[White "Ketzscher, Roland"]
[Black "Gerl, Hans"]
[Result "1-0"]
[WhiteElo "2028"]
[BlackElo "2046"]
[PlyCount "71"]
[EventDate "2014.08.16"]
[WhiteTeam "TSV IFA Chemnitz"]
[BlackTeam "SK Zirndorf e.V."]

1. d4 Nf6 2. c4 e6 3. Nc3 Bb4 4. e3 O-O 5. Bd3 b6 6. Nge2 Bb7 7. O-O c5 8. a3
cxd4 9. exd4 Be7 10. Bg5 d6 11. b4 Nbd7 12. Qb3 h6 13. Bh4 e5 14. Rad1 Rc8 15.
Bf5 exd4 16. Nxd4 Nh5 17. Bxe7 Qxe7 18. Nd5 Bxd5 19. cxd5 g6 20. Nc6 Rxc6 21.
dxc6 Ne5 22. f4 Nxc6 23. Bxg6 Nf6 24. Bb1 Ng4 25. Rde1 Qf6 26. Qg3 Qd4+ 27. Kh1
Qg7 28. h3 Nf6 29. Qxg7+ Kxg7 30. g4 Rd8 31. g5 hxg5 32. fxg5 Nh5 33. Kg2 Ne5
34. Re4 Kg8 35. Rd1 Ng7 36. Rxe5 1-0

[Event "2. Arberseniorencup 2014"]
[Site "Bayerisch Eisenstein"]
[Date "2014.08.24"]
[Round "9.6"]
[White "Riedl, Maximilian"]
[Black "Titz, Herbert"]
[Result "1-0"]
[WhiteElo "2005"]
[BlackElo "1987"]
[PlyCount "103"]
[EventDate "2014.08.16"]
[WhiteTeam "SC Furth im W./Waldmünch"]
[BlackTeam "Austria Wien"]

1. Nf3 Nf6 2. g3 g6 3. Bg2 Bg7 4. O-O O-O 5. d3 d6 6. e4 c5 7. c3 Nc6 8. Qc2
Qc7 9. Nbd2 Rb8 10. Re1 b5 11. Nf1 h6 12. h4 b4 13. Bd2 a5 14. Rad1 Ba6 15. Ne3
e6 16. Bf1 Rfd8 17. d4 Bxf1 18. Kxf1 Qb7 19. d5 exd5 20. exd5 Ne7 21. c4 Qd7
22. Kg2 Re8 23. Qd3 Kh7 24. Qc2 Neg8 25. Nf1 Ng4 26. N3h2 N8f6 27. Nxg4 Nxg4
28. f3 Nf6 29. b3 a4 30. Rxe8 Qxe8 31. Re1 Qd7 32. Bc1 a3 33. Nd2 Re8 34. Rxe8
Qxe8 35. Ne4 Qe5 36. Nf2 Nh5 37. f4 Qa1 38. g4 Bb2 39. gxh5 Bxc1 40. hxg6+ Kg7
41. gxf7 Kxf7 42. Qh7+ Ke8 43. Qxh6 Qxa2 44. Qe6+ Kf8 45. Qxd6+ Kg8 46. Qe5 Kf8
47. d6 Bxf4 48. Qf5+ Ke8 49. Qxf4 Kd7 50. Qe5 Kc6 51. Qe7 Kb6 52. Qc7+ 1-0

[Event "2. Arberseniorencup 2014"]
[Site "Bayerisch Eisenstein"]
[Date "2014.08.24"]
[Round "9.7"]
[White "Svoboda, Jaroslav"]
[Black "Kiefer, Herbert"]
[Result "1/2-1/2"]
[WhiteElo "1599"]
[BlackElo "1872"]
[PlyCount "109"]
[EventDate "2014.08.16"]
[BlackTeam "SC Ansbach 1855 e.V."]

1. e4 c5 2. Nf3 d6 3. d4 cxd4 4. Nxd4 Nf6 5. Nc3 a6 6. Bg5 Nbd7 7. f4 h6 8. Bh4
Qa5 9. Nb3 Qc7 10. Bd3 b5 11. Qe2 Bb7 12. O-O b4 13. Na4 Bc6 14. e5 dxe5 15.
fxe5 Qxe5 16. Qxe5 Nxe5 17. Nac5 Nxd3 18. Nxd3 Nd5 19. Ne5 g5 20. Be1 Rc8 21.
Nxf7 Rh7 22. Ne5 Ba8 23. Bg3 Bg7 24. Rae1 Bxe5 25. Bxe5 Rxc2 26. Nd4 Rc8 27.
Ne6 Rf7 28. Ng7+ Kf8 29. Nf5 Rxf5 30. Rxf5+ Kg8 31. Rf2 a5 32. h3 a4 33. Bd4
Rc4 34. Be5 Rc8 35. Kh2 Bb7 36. h4 Kh7 37. hxg5 hxg5 38. g4 Kg6 39. Kg3 Rc4 40.
Rd1 Bc8 41. Bd4 e5 42. Bxe5 Rxg4+ 43. Kh2 Bb7 44. Kh3 Re4 45. Bd6 Bc8+ 46. Kh2
Ne3 47. Rdd2 Ng4+ 48. Kg2 Nxf2 49. Kxf2 Be6 50. Re2 Rxe2+ 51. Kxe2 b3 52. a3
Kf5 53. Kf2 Ke4 54. Kg3 Kd3 55. Be5 1/2-1/2

[Event "2. Arberseniorencup 2014"]
[Site "Bayerisch Eisenstein"]
[Date "2014.08.24"]
[Round "9.8"]
[White "Klimpel, Siegfried"]
[Black "Kühnl, Bernd"]
[Result "0-1"]
[WhiteElo "1868"]
[BlackElo "1821"]
[PlyCount "80"]
[EventDate "2014.08.16"]
[WhiteTeam "TSV Kareth-Lappersdorf"]
[BlackTeam "VfL 1990 Gera"]

1. e4 d6 2. Nf3 e5 3. d4 exd4 4. Nxd4 Nf6 5. Bd3 g6 6. Nc3 Bg7 7. Bg5 h6 8. Bf4
O-O 9. Qd2 g5 10. Bg3 Nh5 11. O-O-O Bxd4 12. Be2 Bxc3 13. Qxc3 Nf4 14. Bxf4
gxf4 15. g3 f3 16. Bxf3 Qg5+ 17. Kb1 Nc6 18. h4 Qg7 19. Qe3 Ne5 20. Be2 Be6 21.
g4 Nc4 22. Qc1 Qh7 23. f3 a5 24. b3 Nb6 25. a4 Rfd8 26. f4 Bd7 27. g5 h5 28. f5
Kf8 29. g6 fxg6 30. fxg6 Qxg6 31. Rdf1+ Ke7 32. Rhg1 Bg4 33. Bd3 Rf8 34. Rf5
Rxf5 35. exf5 Qg7 36. Re1+ Kd7 37. Re6 Rf8 38. Qf4 Nd5 39. Bb5+ Kc8 40. f6 Bxe6
0-1

[Event "2. Arberseniorencup 2014"]
[Site "Bayerisch Eisenstein"]
[Date "2014.08.24"]
[Round "9.9"]
[White "Slacik, Johann"]
[Black "Sagner, Günter"]
[Result "1/2-1/2"]
[WhiteElo "1864"]
[BlackElo "1688"]
[PlyCount "46"]
[EventDate "2014.08.16"]
[WhiteTeam "ESV Westbahn Linz"]
[BlackTeam "SC Bw Regen/Zwiesel e.V."]

1. d4 Nf6 2. c4 c5 3. e3 e6 4. Nf3 d5 5. cxd5 exd5 6. dxc5 Bxc5 7. Be2 O-O 8.
O-O Nc6 9. Nbd2 Be6 10. Nb3 Bb6 11. Nbd4 Rc8 12. a3 a6 13. b4 Ne4 14. Bb2 Nxd4
15. Nxd4 Nc3 16. Qd2 Nxe2+ 17. Qxe2 Rc4 18. Rac1 Bxd4 19. Bxd4 Qc7 20. Qd2 Rc8
21. Bb2 Rc2 22. Rxc2 Qxc2 23. Qxc2 Rxc2 1/2-1/2

[Event "2. Arberseniorencup 2014"]
[Site "Bayerisch Eisenstein"]
[Date "2014.08.24"]
[Round "9.10"]
[White "Gaug, Herbert"]
[Black "Zerweck, Christoph"]
[Result "0-1"]
[WhiteElo "1856"]
[BlackElo "1881"]
[PlyCount "84"]
[EventDate "2014.08.16"]
[WhiteTeam "SC Wolfsberg"]
[BlackTeam "SV Herrenberg e.V."]

1. d4 Nf6 2. c4 g6 3. Nc3 Bg7 4. e4 d6 5. Nf3 O-O 6. Bg5 h6 7. Bf4 Nbd7 8. Qd2
Kh7 9. h3 Re8 10. Bd3 e5 11. Be3 c6 12. d5 c5 13. O-O-O a6 14. Kb1 Nb6 15. g4
Bd7 16. g5 Ng8 17. gxh6 Bxh6 18. Bxh6 Nxh6 19. Rdg1 f6 20. Nh4 Rg8 21. Ng2 Qe7
22. Ne3 Kg7 23. Rg3 Raf8 24. f3 Kh7 25. Rhg1 Na8 26. Qg2 Be8 27. h4 Nc7 28. Ne2
b5 29. f4 bxc4 30. Nxc4 Bf7 31. f5 gxf5 32. exf5 Rxg3 33. Nxg3 Nxd5 34. Ne4 Rg8
35. Qf2 Nf4 36. Ng5+ fxg5 37. f6+ Nxd3 38. fxe7 Nxf2 39. Nxd6 g4 40. Kc2 Kg6
41. Kd2 Kf6 42. Ke3 g3 0-1

[Event "2. Arberseniorencup 2014"]
[Site "Bayerisch Eisenstein"]
[Date "2014.08.24"]
[Round "9.11"]
[White "Pohl, Rolf-Dieter"]
[Black "Scheuerlein, Gerhard"]
[Result "1-0"]
[WhiteElo "1000"]
[BlackElo "1813"]
[PlyCount "66"]
[EventDate "2014.08.16"]
[WhiteTeam "SC Vaterstetten-Grasbrunn"]
[BlackTeam "SK Schwabach 1907 e.V."]

1. d4 d5 2. c4 e6 3. Nc3 Nf6 4. Bf4 Bd6 5. Bxd6 Qxd6 6. e3 O-O 7. Nf3 Nbd7 8.
Bd3 b6 9. O-O Bb7 10. Qc2 a6 11. b3 dxc4 12. bxc4 Bxf3 13. gxf3 e5 14. Ne4 Qe7
15. d5 g6 16. Ng3 Nc5 17. Be2 h5 18. Kh1 e4 19. Rg1 Kh8 20. Rg2 Rg8 21. Rag1
Rg7 22. Nf5 Qe8 23. Nxg7 Kxg7 24. h3 Kh6 25. f4 Nh7 26. Qd1 Qd7 27. Kh2 b5 28.
Qd4 Qd6 29. Rg3 g5 30. fxg5+ Nxg5 31. Kh1 Nd3 32. Bxd3 exd3 33. Rxg5 Qf8 1-0

[Event "2. Arberseniorencup 2014"]
[Site "Bayerisch Eisenstein"]
[Date "2014.08.24"]
[Round "9.12"]
[White "Reichert, Rudolf"]
[Black "Hedzic, Omer"]
[Result "1-0"]
[WhiteElo "1845"]
[BlackElo "1622"]
[PlyCount "103"]
[EventDate "2014.08.16"]
[BlackTeam "SC Bw Regen/Zwiesel e.V."]

1. e4 e5 2. Nc3 Nf6 3. a3 Nc6 4. Bc4 a6 5. Ba2 d6 6. h3 g6 7. d3 Bg7 8. Be3 O-O
9. Bg5 Qe8 10. Be3 Be6 11. Bd5 Bxd5 12. exd5 Ne7 13. Qf3 Nd7 14. O-O-O f5 15.
g4 c6 16. dxc6 bxc6 17. Bg5 d5 18. h4 d4 19. Na4 Nd5 20. h5 f4 21. Qe4 N7f6 22.
Bxf6 Rxf6 23. Nf3 Rd6 24. Nh4 Nf6 25. Qg2 Nd5 26. hxg6 hxg6 27. Qh3 Rc8 28. Nc5
Ra8 29. Nf3 Qe7 30. Qh7+ Kf7 31. Qh3 g5 32. Qh5+ Rg6 33. Ne4 Rh8 34. Nfxg5+
Qxg5 35. Nxg5+ Kf6 36. Nh7+ Kf7 37. Qf5+ Nf6 38. g5 Rxh7 39. Rxh7 Kg8 40. Rxg7+
Kxg7 41. gxf6+ Rxf6 42. Rg1+ Kf7 43. Qh7+ Ke6 44. Qg8+ Kd6 45. Qb8+ Ke6 46. f3
a5 47. Qc7 e4 48. Qxc6+ Ke5 49. Rg5+ Rf5 50. Qxe4+ Kf6 51. Qxf5+ Ke7 52. Rg7+
1-0

[Event "2. Arberseniorencup 2014"]
[Site "Bayerisch Eisenstein"]
[Date "2014.08.24"]
[Round "9.13"]
[White "Glatz, Volker"]
[Black "Mosler, Ernst"]
[Result "1/2-1/2"]
[WhiteElo "1196"]
[BlackElo "1693"]
[PlyCount "74"]
[EventDate "2014.08.16"]
[WhiteTeam "SC Bw Regen/Zwiesel e.V."]
[BlackTeam "SV Wettstetten e.V."]

1. c4 e6 2. Nc3 d5 3. Nf3 Nf6 4. d4 Be7 5. e3 O-O 6. Bd3 dxc4 7. Bxc4 Nc6 8.
O-O Re8 9. Re1 Bd6 10. e4 e5 11. d5 Ne7 12. Bg5 Ng6 13. Nh4 h6 14. Bxf6 Qxf6
15. Nxg6 Qxg6 16. Re3 f5 17. Rg3 Qf7 18. exf5 e4 19. Qd4 Kh8 20. Rg6 Bxf5 21.
Rxh6+ Bh7 22. Rh4 Qf5 23. Re1 Be5 24. Qe3 Qf6 25. Qh3 Qg6 26. g3 Bd4 27. Be2
Rf8 28. Nd1 Qf5 29. Rf1 Qxh3 30. Rxh3 Rf6 31. Rh4 Raf8 32. Kg2 a6 33. b3 Kg8
34. Ne3 Bf5 35. Bc4 b5 36. Be2 Bd7 37. Rxe4 Bc5 1/2-1/2